| 000 | 00516nam a22001337a 4500 | ||
|---|---|---|---|
| 082 | _aMSIT-1 SAL | ||
| 100 |
_aAdnan Saleem _992573 |
||
| 245 | _ainvestigating the impact of instructional games to address the problems of second language as medium of instructions | ||
| 260 |
_aIslamabad _bNUST-SEECS _c2015 |
||
| 300 |
_a70p. _bill.; _eCD ROM |
||
| 500 | _aSupervisors:Farzana Ahmad, Dr. Sharif ullah Khan, Jaudat Mamoon, Erum Afzal | ||
| 856 | _uhttp://10.250.8.41:8080/xmlui/handle/123456789/21947 | ||
| 942 |
_cPR _2ddc |
||
| 999 |
_c13438 _d13438 |
||